Statistics for Giannis Antetokounmpo Quiz

Click here to take the quiz!

General Stats

  • This quiz has been taken 4,897 times
  • The average score is 9 of 10

Answer Stats

HintAnswer% Correct
What team does he play for?Milwaukee Bucks
100%
What year was he drafted?2013
98%
What number is he?34
98%
What country was he born in?Greece
97%
How many siblings does he have?4
96%
What pick was he?15th
95%
What year did he win NBA Most improved player?2017
95%
What is his nickname?The "Greek Freak"
94%
How tall is he?6 ft 11
89%
What round was he picked in?1st round
77%

Score Distribution

Percentile by Number Answered

Percent of People with Each Score

Your Score History

You have not taken this quiz